00417 a2200157 4500003000400000005001700004008004100021020001800062040000900080082001900089100001600108245005400124250001200178260005600190300001300246OSt20260309132940.0260309b |||||||| |||| 00| 0 eng d a9788196325732 coclc a892.709bJAL/A aJaleel, T K aAl Tha-ayush / cJaleel T K, Dr. Muhammed Riyas K a1ST ED. aMALAPPURAM:bVICTORY BOOKS AND PUBLICATIONS.c2025, a79 PAGES